| 000 | 00525nam a22002297a 4500 | ||
|---|---|---|---|
| 005 | 20250613120605.0 | ||
| 008 | 150311b2001 xxu||||| |||| 00| 0 spa d | ||
| 041 | _aESP | ||
| 082 | _a355.4 S957a | ||
| 100 |
_aSun Tzu _91546 |
||
| 245 | _aEl arte de la guerra | ||
| 260 | _aMéxico | ||
| 260 | _bCoyoacán | ||
| 260 | _c2011 | ||
| 300 | _a182 páginas | ||
| 490 | _aTemática General | ||
| 650 | _aGUERRA | ||
| 650 | _aCIENCIA MILITAR | ||
| 650 | _aTÁCTICA MILITAR | ||
| 650 | _aHISTORIA | ||
| 942 |
_cLIT _2ddc |
||
| 999 |
_c7256 _d7256 |
||